Statistics for Countries Closest to Sri Lanka

Click here to take the quiz!

General Stats

  • This quiz has been taken 54 times
  • The average score is 20 of 24

Answer Stats

DistanceCountry% Correct
1,426.8 kmIndia
100%
2,768.7 kmPakistan
98%
2,307.3 kmNepal
96%
2,377.6 kmMalaysia
94%
2,032 kmBangladesh
92%
3,796.8 kmIndonesia
92%
2,369.3 kmThailand
92%
2,407.5 kmBhutan
90%
2,253 kmMyanmar
90%
2,652.2 kmSingapore
90%
2,690.3 kmLaos
85%
983.1 kmMaldives
85%
3,075.7 kmVietnam
85%
3,190.7 kmAfghanistan
83%
2,698 kmCambodia
83%
3,063.1 kmOman
83%
3,607 kmYemen
81%
3,768.2 kmBrunei
75%
3,827.7 kmSomalia
73%
3,130.3 kmSeychelles
69%
3,571.9 kmTajikistan
67%
3,750.9 kmKyrgyzstan
63%
4,199.9 kmDjibouti
58%
4,426.9 kmEthiopia
54%

Score Distribution

Percentile by Number Answered

Percent of People with Each Score

Your Score History

You have not taken this quiz